000 00322nam a2200133Ia 4500
008 210210b1988 xxu||||| |||| 00| 0 eng d
082 _a910.4 MULL
100 _aMULLOY (Martin).
245 _aLet's visit Syria.
260 _aLondon
_bMacmillan Publishers Ltd.
_c1988
300 _a96
690 _aAtlas
906 _a047021
999 _c96154
_d96154